000 00461nam a2200097Ia 4500
008 180130s9999 xx 000 0 und d
245 _cWißner, Michael; Hammer, Stephan; Kurdyukova, Ekatarina; Andre, Elisabeth
_aTrust-based decision-making for the adaptation of public displays in changing social contexts
260 _c2016
300 _aBook title: Trust management and information security--Acession number C20744; pages 63-85
650 _aINFORMATION SECURITY
999 _c354196
_d354196